00471 a2200169 450000100060000002000180000604000220002410000260004624000300007224500250010230000080012736200090013565000240014494200070016895201090017599900170028464456 a9788502176119 cAnchieta - Pituba aPaula, Marcelo Moraes10aJornadas.geo 8° anolpor10aJornadas.geo 8° ano a2400 a2012 4aGeografia e viagens cBK 00104070a91.1b91.1d2023-11-21l0o910 P324j PAU JORp18739/PITr2023-11-21 18:32:50w2023-11-21yBK c64456d64456